Sports Quiz

Random Sports Quiz

Porin Assat 15 goal scorers Quiz Stats

 Plays Quiz not verified by Sporcle

Challenge
Share
Tweet
Embed
Score 0/114 Timer 15:00
0 Plays Today
Season Player % Correct
1985-86Arto Javanainen
94.7%
1980-81Arto Javanainen
94.7%
1983-84Arto Javanainen
94.7%
1986-87Arto Javanainen
94.7%
1990-91Arto Javanainen
94.7%
1978-79Arto Javanainen
94.7%
1979-80Arto Javanainen
94.7%
1981-82Arto Javanainen
94.7%
1982-83Arto Javanainen
94.7%
1993-94Arto Javanainen
94.7%
1991-92Arto Javanainen
94.7%
1992-93Arto Javanainen
94.7%
1977-78Veli-Pekka Ketola
93.7%
1978-79Veli-Pekka Ketola
93.7%
1980-81Veli-Pekka Ketola
93.7%
1979-80Veli-Pekka Ketola
93.7%
1978-79Kari Makkonen
89.5%
1983-84Kari Makkonen
89.5%
1981-82Kari Makkonen
89.5%
1975-76Kari Makkonen
89.5%
1985-86Kari Makkonen
89.5%
1987-88Kari Makkonen
89.5%
1977-78Kari Makkonen
89.5%
1980-81Kari Makkonen
89.5%
1984-85Kari Makkonen
89.5%
1976-77Kari Makkonen
89.5%
1988-89Kari Makkonen
89.5%
1995-96Jari Korpisalo
88.4%
1992-93Jari Korpisalo
88.4%
1993-94Jari Korpisalo
88.4%
1991-92Jari Korpisalo
88.4%
1994-95Jari Korpisalo
88.4%
1996-97Jari Korpisalo
88.4%
2000-01Jari Korpisalo
88.4%
2003-04Jari Korpisalo
88.4%
1986-87Tapio Levo
87.4%
1988-89Tapio Levo
87.4%
1984-85Tapio Levo
87.4%
Season Player % Correct
2005-06Marko Kivenmaki
87.4%
2009-10Marko Kivenmaki
87.4%
1980-81Tapio Levo
87.4%
1987-88Tapio Levo
87.4%
1985-86Tapio Levo
87.4%
1978-79Tapio Levo
87.4%
1996-97Vladimir Vujtek
86.3%
2005-06Kristian Kuusela
85.3%
2006-07Kristian Kuusela
85.3%
2004-05Jason Williams
82.1%
1977-78Rauli Levonen
81.1%
1976-77Rauli Levonen
81.1%
1996-97Jari Levonen
81.1%
1978-79Pekka Rautakallio
76.8%
1977-78Pekka Rautakallio
76.8%
2009-10Marko Luomala
74.7%
1988-89Rauli Raitanen
71.6%
1993-94Vyacheslav Fandul
71.6%
1992-93Vyacheslav Fandul
71.6%
1996-97Vyacheslav Fandul
71.6%
1993-94Rauli Raitanen
71.6%
1994-95Rauli Raitanen
71.6%
1997-98Vycheslav Fandul
71.6%
1992-93Rauli Raitanen
71.6%
1996-97Pekka Virta
68.4%
1998-99Jan Benda
68.4%
1987-88Mark Jooris
66.3%
1990-91Arto Heiskanen
66.3%
1985-86Arto Heiskanen
66.3%
1991-92Arto Heiskanen
66.3%
1993-94Arto Heiskanen
66.3%
1992-93Arto Heiskanen
66.3%
2004-05Pasi Tuominen
65.3%
1992-93Jokke Heinanen
65.3%
1994-95Jokke Heinanen
65.3%
1997-98Jokke Heinanen
65.3%
2007-08Jesse Joensuu
63.2%
2008-09Sakari Salminen
63.2%
Season Player % Correct
2009-10Tommi Huhtala
63.2%
1999-00Andrei Potaichuk
58.9%
1998-99Andrei Potaichuk
58.9%
2002-03Samu Wesslin
58.9%
1983-84Christian Ruuttu
57.9%
1982-83Christian Ruuttu
57.9%
2000-01Eric Perrin
56.8%
2004-05Teemu Virkkunen
55.8%
1975-76Tapio Koskinen
53.7%
1975-76Raimo Kilpio
50.5%
1979-80Veli-Matti Ruisma
49.5%
1977-78Veli-Matti Ruisma
49.5%
1980-81Veli-Matti Ruisma
49.5%
1975-76Veli-Matti Ruisma
49.5%
1979-80Ari Peltola
46.3%
1990-91Alexei Frolikov
45.3%
1999-00Ondrej Steiner
45.3%
1998-99Jonas Esbjors
43.2%
1976-77Tauno Makela
42.1%
1999-00Niko Mikkola
42.1%
1980-81Tauno Makela
42.1%
1975-76Tauno Makela
42.1%
1999-00Ales Kratoska
40%
2003-04Martin Bergeron
38.9%
1975-76Jaakko Honkanen
38.9%
1987-88Ari Matilainen
36.8%
1987-88Juha Tasku
35.8%
1988-89Ari Santanen
34.7%
1987-88John Ollson
33.7%
1982-83Ismo Villa
33.7%
1984-85Kimmo Sillanpaa
33.7%
2000-01Mikko Konttila
32.6%
1988-89Rejean Boivin
29.5%
1984-85Jari Nystrom
28.4%
1981-82Jari Nystrom
28.4%
1977-78Erkki Vakiparta
25.3%
1976-77Erkki Vakiparta
25.3%
1979-80Martti Nenonen
20%

You're not logged in!

Compare scores with friends on all Sporcle quizzes.
Join for Free
OR
Log In

You Might Also Like...

Show Comments

Extras

Created Aug 5, 2010ReportNominate
Tags:sm-liiga

Top Quizzes Today


Score Distribution

Your Account Isn't Verified!

In order to create a playlist on Sporcle, you need to verify the email address you used during registration. Go to your Sporcle Settings to finish the process.

Report this User

Report this user for behavior that violates our Community Guidelines.

Details: